LEADER 03572nam 22006735 450 001 9910298391903321 005 20200704233634.0 010 $a3-319-03868-0 024 7 $a10.1007/978-3-319-03868-1 035 $a(CKB)3710000000078795 035 $a(EBL)1592524 035 $a(OCoLC)871776274 035 $a(SSID)ssj0001086673 035 $a(PQKBManifestationID)11647834 035 $a(PQKBTitleCode)TC0001086673 035 $a(PQKBWorkID)11062237 035 $a(PQKB)11779221 035 $a(MiAaPQ)EBC1592524 035 $a(DE-He213)978-3-319-03868-1 035 $a(PPN)176108637 035 $a(EXLCZ)993710000000078795 100 $a20131213d2014 u| 0 101 0 $aeng 135 $aur|n|---||||| 181 $ctxt 182 $cc 183 $acr 200 10$aHelmut Schmidt $ePioneer of International Economic and Financial Cooperation /$fedited by Hartmut Soell 205 $a1st ed. 2014. 210 1$aCham :$cSpringer International Publishing :$cImprint: Springer,$d2014. 215 $a1 online resource (181 p.) 225 1 $aPolicymakers,$x2524-6798 ;$v20 300 $aDescription based upon print version of record. 311 $a1-322-33278-9 311 $a3-319-03867-2 327 $aFrom the Contents: Hartmut Soell: A Short Biography of Helmut Schmidt -- Major Publications by and on Helmut Schmidt -- Speech in Nairobi: World Currency Conference -- Washington Energy Conference -- The Energy Crisis ? A Challenge for the Western World. 330 $aOn the occasion of the 95th birthday of Helmut Schmidt, West German Chancellor 1974?1982, his biographer Hartmut Soell, Professor of History at Heidelberg University and former member of the German Parliament (1980?1994), presents H. Schmidt as a Pioneer of International Economic and Financial Cooperation. Influenced by the catastrophes of the early 20th century (global economic crisis, dictatorship and war), Schmidt entered politics as a trained economist and was one of the most innovative policymakers from the 1960s to the 1980s. As minister of defense, economy and finance and as Chancellor he was able to implement many of his ideas for closer cooperation between Western industrial states on currency issues and energy policy during the 1970s. Together with French President Valéry Giscard d?Estaing he launched the G7 summits in 1975 and his proposals for a European currency system (1978?79) paved the way for the European economic and currency union. As editor of Die Zeit, he would later become an influential commentator. 410 0$aPolicymakers,$x2524-6798 ;$v20 606 $aInternational economic relations 606 $aInternational relations 606 $aHistory 606 $aInternational Economics$3https://scigraph.springernature.com/ontologies/product-market-codes/W33000 606 $aInternational Relations$3https://scigraph.springernature.com/ontologies/product-market-codes/912000 606 $aHistory, general$3https://scigraph.springernature.com/ontologies/product-market-codes/700000 615 0$aInternational economic relations. 615 0$aInternational relations. 615 0$aHistory. 615 14$aInternational Economics. 615 24$aInternational Relations. 615 24$aHistory, general. 676 $a943.0877092 702 $aSoell$b Hartmut$4edt$4http://id.loc.gov/vocabulary/relators/edt 801 0$bMiAaPQ 801 1$bMiAaPQ 801 2$bMiAaPQ 906 $aBOOK 912 $a9910298391903321 996 $aHelmut Schmidt$92521607 997 $aUNINA